01149nab a22002297a 4500999001500000003000400015005001700019008004100036040000700077100003600084245014600120260007200266300001300338500003800351505020700389505008900596650002600685650003500711650002200746773013800768942001300906 c5944d5944OSt20260114020649.0190605e xxu||||| |||| 00| 0 spa d cPJ 91322aLivellara, Carlos Alberto13aPrejudicialidad y cosa juzgada en materia laboral y la aplicación de las normas del Código Civil y Comercial /cCarlos Alberto Livellara. aCiudad Autónoma de Buenos Aires :bThomson Reuters La Ley,c2024. ap. 71-75 aCita: TR LALEY AR/DOC/891/2024.  aSumario: I. Introducción.— II. Principio general. Valoración autónoma de la injuria laboral.— III. Excepciones: cosa juzgada y prejudicialidad.— IV. Efectos de la sentencia penal posterior.  t¿Te interesa el texto completo? Solicitalo al correo: koha@justierradelfuego.gov.ar 091316aDERECHO LABORAL 091497aCODIGO CIVIL Y COMERCIAL 09965aCOSA JUZGADA0 0271193168dCiudad Autónoma de Buenos Aires : Thomson Reuters La Ley, 1999-2002.tRevista de derecho del trabajo. Nº 3 - Mayo 2024 2udccANA